000 00578cam a22002053a 4500
001 38928
003 PGUSA
005 20140828083847.0
008 120219s2012||||xxu|||||s|||||000 | eng d
040 _aPGUSA
_beng
042 _adc
100 1 _aM'Pherson, J. G.
245 1 0 _aMeteorology ;
_bor, Weather Explained
_h[electronic resource] /
_cJ. G. M'Pherson
260 _bProject Gutenberg,
_c2012
506 _aPublic domain in the USA.
516 _aElectronic text
830 0 _aProject Gutenberg
_v38928
856 4 0 _uhttp://www.gutenberg.org/ebooks/38928
942 _cEB
999 _c268181
_d268181